000 01254nam a22003617a 4500
003 CHAP
005 20220329141018.0
008 971013s1996 r 00010 d
010 _a61279
011 _a62251
035 _a66425
040 _cCHAP
090 _aTesis
100 0 0 _aRamírez Delgadillo, Angel.
_993963
245 _aEstimación de factores genético-ambientales y valores de cría en ovinos Pelibuey
260 _aChapingo, Méx. :
_bEl autor,
_c1996
300 _a78 h.
502 _aTesis (Ing. Agr. Esp. en Zootecnia) -- UACH. Departamento de Zootecnia
590 _aALEPH
_b10
_c20130110
_lUCH01
_h1341
590 _aBATCH-UPD
_b10
_c20130110
_lUCH01
_h0326
590 _aBATCH-UPD
_b10
_c20130110
_lUCH01
_h2026
590 _aBATCH-UPD
_b10
_c20130409
_lUCH01
_h2359
590 _aBATCH-UPD
_b10
_c20130914
_lUCH01
_h0700
590 _aCONVERSION
_b10
_c20130109
_lUCH01
_h1333
650 1 4 _aBorrego Pelibuey.
_913937
650 1 4 _aGanado lanar
_xEfecto del medio ambiente.
_945172
650 1 4 _aGanado lanar
_xGenética.
_945182
700 0 _aVásquez Moreno, Gerardo.
_9120250
901 _aBK
942 _cFOLL
949 _bBC
_cTES
_d-151613
_eTS1
_h29589
_i66425
_si
949 _bBC
_cTES
_d33724000623724
_eTS2
_fc.2
_h29590
_i66425
_si
999 _c61279
_d61279